| 000 | 01903nam a2200529 i 4500 | ||
|---|---|---|---|
| 001 | 30648 | ||
| 003 | KOSZ 005 | ||
| 005 | 20201028084105.0 | ||
| 008 | 970510s1995 pl a f |001 0 pol | ||
| 015 | _aUWD 1995/7868 | ||
| 020 | _a832320702X | ||
| 035 | _a991000098879705066 | ||
| 035 | _a(PL-WaBN)b10070096-48omnis_nlop | ||
| 035 | _ab10070096 | ||
| 035 | _a(OCoLC)830050863 | ||
| 035 | _a(PL)b0000001007009 | ||
| 035 | _a(EXLNZ-48OMNIS_NETWORK)9910093692005606 | ||
| 040 |
_aWA N _cWA N _dKOSZ 005/EG |
||
| 046 | _k1992 | ||
| 080 | _a556.5 | ||
| 080 | _a(438) | ||
| 100 | 1 |
_aChoiński, Adam _d(1951- ) _eAutor |
|
| 245 | 1 | 0 |
_aPojezierze Wielkopolsko-Kujawskie i jeziora na południe od linii zasięgu zlodowacenia bałtyckiego / _cAdam Choiński ; Uniwersytet im. Adama Mickiewicza w Poznaniu. |
| 250 | _a[Wyd. 2]. | ||
| 260 |
_aPoznań : _bWydaw. Naukowe UAM, _c1995. |
||
| 300 |
_a149 s. : _bmapy ; _c24 cm. |
||
| 336 |
_aTekst _btxt _2rdacontent |
||
| 337 |
_aBez urządzenia pośredniczącego _bn _2rdamedia |
||
| 338 |
_aWolumin _bnc _2rdacarrier |
||
| 380 | _aKsiążki | ||
| 388 | _a1901-2000 | ||
| 388 | _a1989-2000 | ||
| 490 | 1 |
_aKatalog jezior Polski / Adam Choiński ; _vcz. 3 |
|
| 500 | _aWyd. 1 ogł. pt. : Katalog jezior Polski. | ||
| 504 | _aBibliogr. s. 134-135. - Indeks. | ||
| 650 | 7 |
_aJeziora _2DBN |
|
| 650 | 7 |
_aHydrografia _2DBN |
|
| 651 | 7 |
_aPojezierze Wielkopolskie _2DBN |
|
| 651 | 7 |
_aPolska _2DBN |
|
| 655 | 7 |
_aSpis _2DBN |
|
| 658 | _aGeografia i nauki o Ziemi | ||
| 710 | 2 |
_aWydawnictwo Naukowe Uniwersytetu im. Adama Mickiewicza (Poznań) _4pbl |
|
| 800 | 1 |
_aChoiński, Adam _d(1951- ). _tKatalog jezior Polski ; _vcz. 3 |
|
| 856 |
_uhttp://koha.tu.koszalin.pl/cgi-bin/koha/opac-detail.pl?biblionumber=30648 _yKatalog online BPK |
||
| 942 |
_2UKD _cKS |
||
| 999 |
_c30648 _d30648 |
||